<?xml version="1.0" encoding="UTF-8"?><?xml-stylesheet type="text/xsl" href="static/style.xsl"?><OAI-PMH xmlns="http://www.openarchives.org/OAI/2.0/" xmlns:xsi="http://www.w3.org/2001/XMLSchema-instance" xsi:schemaLocation="http://www.openarchives.org/OAI/2.0/ http://www.openarchives.org/OAI/2.0/OAI-PMH.xsd"><responseDate>2026-04-17T16:02:10Z</responseDate><request verb="GetRecord" identifier="oai:www.recercat.cat:2117/121517" metadataPrefix="marc">https://recercat.cat/oai/request</request><GetRecord><record><header><identifier>oai:recercat.cat:2117/121517</identifier><datestamp>2026-02-08T04:42:48Z</datestamp><setSpec>com_2072_1033</setSpec><setSpec>col_2072_452950</setSpec></header><metadata><record xmlns="http://www.loc.gov/MARC21/slim" xmlns:dcterms="http://purl.org/dc/terms/" xmlns:xsi="http://www.w3.org/2001/XMLSchema-instance" xmlns:doc="http://www.lyncode.com/xoai" xsi:schemaLocation="http://www.loc.gov/MARC21/slim http://www.loc.gov/standards/marcxml/schema/MARC21slim.xsd">
   <leader>00925njm 22002777a 4500</leader>
   <datafield ind2=" " ind1=" " tag="042">
      <subfield code="a">dc</subfield>
   </datafield>
   <datafield ind2=" " ind1=" " tag="720">
      <subfield code="a">García Planas, María Isabel</subfield>
      <subfield code="e">author</subfield>
   </datafield>
   <datafield ind2=" " ind1=" " tag="720">
      <subfield code="a">Klymchuk, Tetiana</subfield>
      <subfield code="e">author</subfield>
   </datafield>
   <datafield ind2=" " ind1=" " tag="260">
      <subfield code="c">2018</subfield>
   </datafield>
   <datafield ind2=" " ind1=" " tag="520">
      <subfield code="a">Two complex matrix pairs (A,B) and (A',B') are contragrediently equivalent if there are nonsingular S and R such that (A',B')=(S-1AR,R-1BS). M.I. García-Planas and V.V. Sergeichuk (1999) constructed a miniversal deformation of a canonical pair (A,B) for contragredient equivalence; that is, a simple normal form to which all matrix pairs (A+˜A,B+˜B) close to (A,B) can be reduced by contragredient equivalence transformations that smoothly depend on the entries of ˜A and ˜B. Each perturbation (˜A,˜B) of (A,B) defines the first order induced perturbation A˜B+˜AB of the matrix AB, which is the first order summand in the product (A+˜A)(B+˜B)=AB+A˜B+˜AB+˜A˜B. We find all canonical matrix pairs (A,B), for which the first order induced perturbations A˜B+˜AB are nonzero for all nonzero perturbations in the normal form of García-Planas and Sergeichuk. This problem arises in the theory of matrix differential equations ¿x=Cx, whose product of two matrices: C=AB; using the substitution x=Sy, one can reduce C by similarity transformations S-1CS and (A,B) by contragredient equivalence transformations (S-1AR,R-1BS)</subfield>
   </datafield>
   <datafield ind2=" " ind1=" " tag="520">
      <subfield code="a">Peer Reviewed</subfield>
   </datafield>
   <datafield ind2=" " ind1=" " tag="520">
      <subfield code="a">Postprint (author's final draft)</subfield>
   </datafield>
   <datafield tag="653" ind2=" " ind1=" ">
      <subfield code="a">Àrees temàtiques de la UPC::Matemàtiques i estadística</subfield>
   </datafield>
   <datafield tag="653" ind2=" " ind1=" ">
      <subfield code="a">Perturbation (Mathematics)</subfield>
   </datafield>
   <datafield tag="653" ind2=" " ind1=" ">
      <subfield code="a">Matrices--Mathematical models</subfield>
   </datafield>
   <datafield tag="653" ind2=" " ind1=" ">
      <subfield code="a">Contragredient equivalence</subfield>
   </datafield>
   <datafield tag="653" ind2=" " ind1=" ">
      <subfield code="a">Miniversal deformation</subfield>
   </datafield>
   <datafield tag="653" ind2=" " ind1=" ">
      <subfield code="a">Perturbation</subfield>
   </datafield>
   <datafield tag="653" ind2=" " ind1=" ">
      <subfield code="a">Pertorbació (Matemàtica)</subfield>
   </datafield>
   <datafield tag="653" ind2=" " ind1=" ">
      <subfield code="a">Matrius (Matemàtica)</subfield>
   </datafield>
   <datafield ind2="0" ind1="0" tag="245">
      <subfield code="a">Perturbation analysis of a matrix differential equation ¿x=ABx</subfield>
   </datafield>
</record></metadata></record></GetRecord></OAI-PMH>